| 000 | 01539nam0a2200313 4500 | ||
|---|---|---|---|
| 001 | RU\NLR\BIBL_A\012142571 | ||
| 005 | 20220803103425.0 | ||
| 010 |
_a978-5-91951-544-9 _9200 |
||
| 021 |
_aRU _bКН-П-19-078302 _9КН-П-19-5679 |
||
| 035 | _a(NLR Aleph) 012142571 | ||
| 035 | _a(RuMoRGB)010123011 | ||
| 090 |
_a12104984 _c12104984 |
||
| 100 | _a20191119d2019 u y0rusy50 ca | ||
| 101 | 0 | _arus | |
| 102 | _aRU | ||
| 105 | _aac||zzzz000ay | ||
| 200 | 1 |
_aВолго-Дон - жемчужина степной России _eсборник стихов и прозы донских авторов _fредакционный совет: А. И. Кеда, профессор - главный редактор и др.] |
|
| 210 |
_aРостов-на-Дону _cАльтаир _d2019 |
||
| 215 |
_a576 с. _cил., портр. _d21 |
||
| 225 | 1 | _aСерия "Волго-Дон продолжается" | |
| 327 | 1 | _aСодерж.: разделы: Наши учителя в литературе; Заслуженные люди Волго-Дона, имеющие награды правительства России (или) области; Творчество писателей и поэтов Волго-Дона | |
| 686 | 2 | _aШ6(2=Р)8-999 | |
| 702 | 1 |
_aКеда _bА. И. _f1940- _gАлексей Иванович _4340 |
|
| 942 | _cBOOK | ||
| 980 | _aNBR | ||
| 980 | _aNB | ||